000 00557nam a2200205 i 4500
001 7945
003 ES-MaACL
005 20230906145338.0
007 t|
008 910613s1991 xxk ||||1| eng d
020 _a0-7456-0923-6
080 _a008"197"
100 1 _aGiddens, Anthony.
_956672
245 1 4 _aThe Consequences of modernity /
_cAnthony Giddens.
250 _a1st ed.
260 _aCambridge :
_bPolity Press,
_c1991.
300 _aIX, 186 p. ;
_c22 cm.
650 1 4 _aModernidad.
_915125
852 _aES-MaACL
_jL-15273
_bR.119431
_z. - rust.
999 _c7945
_d7945